The dragon's child / (Record no. 4254)

MARC details
000 -LEADER
fixed length control field 01068cam a2200313 a 4500
001 - CONTROL NUMBER
control field 4254
003 - CONTROL NUMBER IDENTIFIER
control field FISKH
005 - DATE AND TIME OF LATEST TRANSACTION
control field 20240710143846.0
008 - FIXED-LENGTH DATA ELEMENTS--GENERAL INFORMATION
fixed length control field 071018r20081997nyua b 000 1 eng
010 ## - LIBRARY OF CONGRESS CONTROL NUMBER
LC control number 2007037161
020 ## - INTERNATIONAL STANDARD BOOK NUMBER
International Standard Book Number 9780545064682
040 ## - CATALOGING SOURCE
Original cataloging agency DLC
Transcribing agency DLC
Modifying agency DLC
Language of cataloging eng
050 ## - LIBRARY OF CONGRESS CALL NUMBER
Classification number PZ7.N5897
082 ## - DEWEY DECIMAL CLASSIFICATION NUMBER
Classification number 823.914
100 1# - MAIN ENTRY--PERSONAL NAME
Personal name Nimmo, Jenny.
245 14 - TITLE STATEMENT
Title The dragon's child /
Statement of responsibility, etc. Jenny Nimmo ; illustrated by Alan Marks.
250 ## - EDITION STATEMENT
Edition statement First edition, May 2008
260 ## - PUBLICATION, DISTRIBUTION, ETC.
Place of publication, distribution, etc. New York :
Name of publisher, distributor, etc. Orchard Books,
Date of publication, distribution, etc. 1977
300 ## - PHYSICAL DESCRIPTION
Extent 197 pages :
Other physical details illustrations ;
Dimensions 20 cm
505 ## - FORMATTED CONTENTS NOTE
Formatted contents note R<br/>
520 ## - SUMMARY, ETC.
Summary, etc. Dando, a young dragon who cannot fly, is captured by dangerous humans, but a kind slave-girl, an orphaned bird, and the melancholy son of the dragon's captors help him escape his imprisonment and learn to fly.
521 8# - TARGET AUDIENCE NOTE
Target audience note 780<br/>
Source Lexile <br/>
521 8# - TARGET AUDIENCE NOTE
Target audience note R<br/>
Source Raz-Plus<br/>
650 #1 - SUBJECT ADDED ENTRY--TOPICAL TERM
Topical term or geographic name entry element Dragons
Form subdivision Fiction.
700 1# - ADDED ENTRY--PERSONAL NAME
Personal name Marks, Alan,
Dates associated with a name 1957-
Relator term illustrator
906 ## - LOCAL DATA ELEMENT F, LDF (RLIN)
a 7
b cbc
c orignew
d 1
e ecip
f 20
g y-gencatlg
942 ## - ADDED ENTRY ELEMENTS (KOHA)
Source of classification or shelving scheme Dewey Decimal Classification
Koha item type Books
Suppress in OPAC No
Holdings
Withdrawn status Lost status Source of classification or shelving scheme Damaged status Not for loan Collection Home library Current library Shelving location Date acquired Total Checkouts Full call number Barcode Date due Date last seen Date last checked out Price effective from Koha item type
    Dewey Decimal Classification     Juvenile Fiction Footprints International School Library Network Toul Kork Campus Footprints International School Library Network Toul Kork Campus TK Primary Library Room(4th Floor), Bookcase 5&6, Shelves 33-56, Orange Books 07/10/2024 2 NIM 823.914 PZ7.N5897 FISTK00684 12/23/2025 12/09/2025 12/09/2025 07/10/2024 Books